Państwa świata kończące się na literę „I” - Statystyki

Ogólne statystyki
  • Ten quiz został rozwiązany 498 razy
    481 od ostatniego zresetowania
  • Średni wynik to 7 z 11
Statystyki odpowiedzi
Państwo % Poprawnych
Mali
75%
Fidżi
70%
Haiti
67%
Kiribati
66%
Malawi
63%
Burundi
61%
Eswatini
61%
Dżibuti
59%
Brunei
56%
Republika Południowej Afryki
39%
Timor Wschodni
37%
Nie znaleziono quizów pasujących do podanych kryteriów
Rozkład punktacji
Procent ludzi z każdym wynikiem
Percentyl według liczby udzielonych odpowiedzi
Twoja historia wyników
Nie rozwiązałeś tego quizu od ostatniego zresetowania